000 00245nam a22000857a 4500
008 170112b xxu||||| |||| 00| 0 eng d
100 _92353
_aKumar. S
245 _aThe land of thus & so: Literature Reader -3
260 _aNew Delhi
_bFrank Brothers
_c2007
999 _c5309
_d5309